Microprocessor architecture, programming, and applications with the 8085 (Record no. 1302388)

MARC details
000 -LEADER
fixed length control field 00629nam a2200229Ia 4500
005 - DATE AND TIME OF LATEST TRANSACTION
control field 20250326144116.0
008 - FIXED-LENGTH DATA ELEMENTS--GENERAL INFORMATION
fixed length control field 250326s9999 xx 000 0 und d
020 ## - INTERNATIONAL STANDARD BOOK NUMBER
International Standard Book Number 81-87972-09-2
037 ## - SOURCE OF ACQUISITION
Stock number Textbook
040 ## - CATALOGING SOURCE
Original cataloging agency FMSL
Language of cataloging eng
Transcribing agency FMSL
041 ## - LANGUAGE CODE
Language code of text/sound track or separate title eng
Source of code eng
084 ## - COLON CLASSIFICATION NUMBER
Classification number D658(B) N9
Assigning agency FMSL
100 ## - MAIN ENTRY--PERSONAL NAME
Personal name Gaonkar Ramesh
245 #0 - TITLE STATEMENT
Title Microprocessor architecture, programming, and applications with the 8085
Statement of responsibility, etc. Gaonkar Ramesh
250 ## - EDITION STATEMENT
Edition statement 5
260 ## - PUBLICATION, DISTRIBUTION, ETC.
Place of publication, distribution, etc. Mumbai
Name of publisher, distributor, etc. Mumbai, P R I
Date of publication, distribution, etc. 1999
300 ## - PHYSICAL DESCRIPTION
Extent x,820
365 ## - TRADE PRICE
Price amount 310
650 ## - SUBJECT ADDED ENTRY--TOPICAL TERM
Topical term or geographic name entry element Marketing
942 ## - ADDED ENTRY ELEMENTS (KOHA)
Koha item type Textbook
Classification part D658(B) N9
Holdings
Withdrawn status Lost status Damaged status Not for loan Home library Current library Date acquired Source of acquisition Cost, normal purchase price Total Checkouts Full call number Barcode Date last seen Price effective from Koha item type
        Faculty of Management Library Faculty of Management Library 2025-03-26 Sethi Book House 310.00   D658(B) N9 ML1351572 2025-03-26 2025-03-26 Textbook
Copyright @ Delhi University Library System